000 00571nam a22002177a 4500
003 UA-OsUOA
001 37213
007 ta
008 20060227b un ||||| |||| 00| 0 ukr d
100 _aОрел С.
090 _a94(477)
_bО-11
942 _cSA
040 _aUA-OsUOA
_bukr
_cUA-OsUOA
_dUA-OsUOA
245 _aЧи повернеться Винниченко до рідного міста?
300 _aС.11
955 _a0
041 _aukr
080 _a94(477)
773 0 _w37211
650 7 _a9 Географія. Біографії. Історія
_2UDC
999 _c323399
_d323399